| 000 | 00430cam a2200181ua 4500 | ||
|---|---|---|---|
| 001 | 5955 | ||
| 008 | 131106n ii |||gr||||Z||||||eng | ||
| 020 | _a81-237-3108-6 | ||
| 040 | _cMAIN | ||
| 082 | _a305.8 | ||
| 100 |
_aSaigal,Omesh, _eAuthor. |
||
| 245 |
_aLakshadweep _cby Omesh Saigal |
||
| 260 |
_aDelhi: _bNational Book Trust, _c2000. |
||
| 300 | _axiii,211p. | ||
| 653 | _aSociology | ||
| 653 | _aLakshadweep | ||
| 942 | _cBK | ||
| 999 |
_c5109 _d5109 |
||